Métodos y modelos de investigación de operaciones : (Registro nro. 4880)
[ vista simple ]
| 000 -LEADER | |
|---|---|
| fixed length control field | 01297nam a2200253Ia 4500 |
| 003 - CONTROL NUMBER IDENTIFIER | |
| control field | OSt |
| 005 - DATE AND TIME OF LATEST TRANSACTION | |
| control field | 20210105113741.0 |
| 008 - FIXED-LENGTH DATA ELEMENTS--GENERAL INFORMATION | |
| fixed length control field | 191128t1980 mx ad gr 001 0dspa d |
| 020 ## - INTERNATIONAL STANDARD BOOK NUMBER | |
| International Standard Book Number | 9681812476 |
| 040 ## - CATALOGING SOURCE | |
| Original cataloging agency | CO-JMCR |
| Transcribing agency | CO-JMCR |
| 041 0# - LANGUAGE CODE | |
| Language code of text/sound track or separate title | spa |
| 082 04 - DEWEY DECIMAL CLASSIFICATION NUMBER | |
| Classification number | 658.57 / |
| Item number | P918m |
| Edition number | 23 |
| 100 1# - MAIN ENTRY--PERSONAL NAME | |
| Personal name | Prawda Witenberg, Juan, |
| Relator term | autor |
| 9 (RLIN) | 12660 |
| 245 10 - TITLE STATEMENT | |
| Title | Métodos y modelos de investigación de operaciones : |
| Remainder of title | modelos estocásticos / |
| Statement of responsibility, etc. | Juan Prawda Witenberg |
| 250 ## - EDITION STATEMENT | |
| Edition statement | Primera edición |
| 260 ## - PUBLICATION, DISTRIBUTION, ETC. | |
| Place of publication, distribution, etc. | México : |
| Name of publisher, distributor, etc. | Limusa, |
| Date of publication, distribution, etc. | ©1980 |
| 300 ## - PHYSICAL DESCRIPTION | |
| Extent | [6] hojas plegadas sin numerar, 1026 páginas : |
| Other physical details | gráficos a blanco y negro ; |
| Dimensions | 23 cm. |
| 500 ## - GENERAL NOTE | |
| General note | Incluye índices onomástico y alfabético y datos biográficos del autor. |
| 505 0# - FORMATTED CONTENTS NOTE | |
| Formatted contents note | Análisis de decisiones -- Sistemas de inventarios y planeación de la producción -- Teoría de líneas de espera -- Simulación -- Procesos markovianos de decisión -- Programación y redes estocásticas -- Programación con metas múltiples -- Problemas de localización -- Problemas de secuenciación y balance de líneas de producción -- Reemplazo, mantenimiento y confiabilidad -- Teoría de juegos |
| 650 14 - SUBJECT ADDED ENTRY--TOPICAL TERM | |
| Topical term or geographic name entry element | Investigación operacional |
| 9 (RLIN) | 1721 |
| 650 14 - SUBJECT ADDED ENTRY--TOPICAL TERM | |
| Topical term or geographic name entry element | Análisis de sistemas |
| 9 (RLIN) | 1155 |
| 650 24 - SUBJECT ADDED ENTRY--TOPICAL TERM | |
| Topical term or geographic name entry element | Modelos matemáticos |
| 9 (RLIN) | 1740 |
| 942 ## - ADDED ENTRY ELEMENTS (KOHA) | |
| Source of classification or shelving scheme | Dewey Decimal Classification |
| Koha item type | Books |
No hay ítems disponibles.